1049 1618 1917 1982 1362 1408 1716 1208 1608 1749 1171 1159 1322 1021 1069 1304 1010 1897 1769 1576 1657 1439 1752 1723 1769 1815 1338 1689 1606 1995 1391 1794 1220 1327 1568 1119 1887 1597 1205 1999 1790 1915 1787 1789 1314 1068 1081 1105 1553 1291 1335 1344 1968 1861 1260 1147 1672 1178 1666 1852 1749 1685 1783 1132 1223 1456 1834 1781 1743 1975 1500 1052 1183 1629 1196 1830 1400 1777 1304 1519 1333 1085 1777 1967 1507 1521 1062 1177 1804 1095 1287 1947 1439 1871 1633 1269 1364 1131 1221 BCNSPRNW ULIB Ver.6.0+V

เปลี่ยนเป็นภาษาไทย

Change to English
 แสดงรายละเอียดบรรณานุกรม
  กลับหน้าหลัก

Brief Record : Get Marc (ISO 2709) : E-mail record : QR code < ปิดหน้าต่าง
LEADER : 00000nam 2200000uu 4500
001    13399110944
003     ULIB
008    110613s||||||||th 000 0 tha d
020    9749183320
050  4 AC158^bจ829ด 2004
100    แจ๊กกี้ ก๊าฟฟ์
245    เด็กๆรู้ไหมทำไมทะเลทรายซาฮาร่าหนาวในยามค่ำคืน/ ^cผู้แต่ง แจ๊กกี้ ก๊าฟฟ์
260    กรุงเทพฯ : ^bโกรเลียร์ อินเตอร์เนชั่นแนล, ^c2004
300    32 หน้า : ^bภาพประกอบสี ; ^c28 ซม.
650  7 ความรู้รอบตัว
650  7 ทะเลทราย
945    ^p350^l0^i029019
995    ทศพร
999 ^a ใช้งานได้ทุกระบบ
รายการนี้ยังไม่มีแท็ก
คุณยังไม่ได้ล็อกอิน คุณสามารถมีกิจกรรมร่วมกับเว็บไซต์ได้ แต่ต้องล็อกอินก่อน ::
  ล็อกอิน

รายการสื่อสารสนเทศ

ลำดับที่ ประเภท เลขเรียก/บาร์โค้ด สถานที่ สถานะ
- ไม่พบข้อมูล -

รายการใกล้เคียง
    ผู้แต่ง [แจ๊กกี้ ก๊าฟฟ์]

    หัวเรื่อง [ความรู้รอบตัว]

BibComment


ยังไม่เคยถูกคอมเมนท์

คอมเมนท์ทรัพยากรรายการนี้
  คอมเมนท์: เด็กๆรู้ไหมทำไมทะ..


 Copyright 2026. Bcnsprnw @Library